Responses for Show #4296 - Monday, April 14, 2003

Brian Weikle game 3.
Brian sets a new single-day cash winnings record of $52,000 and a new regular play cash winnings record of $104,800.

Contestants

[<< previous game]

Phillip Steele, a security officer from Los Angeles, California

Maura O'Keefe, a legal assistant from West Roxbury, Massachusetts

Brian Weikle, a project manager from Minneapolis, Minnesota (whose 2-day cash winnings total $52,800)

[next game >>]

Jeopardy! Round responses

THE PLANETS
ACTOR-PLAYWRIGHTS
BUSINESS ABBREV.
WHAT COULD SHE BE DOING IN THERE?
QUOTES FROM 2002
IF THEY MARRIED...
    $200 1
Saturn

Phillip
    $200 26
Candice Bergen

Brian
    $200 8
cash on delivery

Brian
    $200 13
a permanent

Maura
    $200 3
baseball

Brian
    $200 2
(Brian: Who is Moon Unit Walker?)

Moon Walker

BrianMaura
    $400 4
Pluto

Brian
    $400 27
John Barrymore

Brian
    $400 9
an initial public offering

Brian
    $400 18
cucumbers

Phillip
    $400 22
Laura Bush

Brian
    $400 14
Hillary Hillary

Brian
    $600 5
Venus

Brian
    $600 28
Steve Martin

Brian
    $600 10
doing business as

Brian
    $600 19
an emery board

Brian
    $600 23
Al Gore

Brian
    $600 15
Hope Diamond

Phillip
    $800 6
Mercury

Brian
    $800 29
(himself) William Shakespeare

Triple Stumper
    $800 11
Standard & Poor's

Brian
    $3,000 20
exfoliating

Brian
    $800 24
[This clue appeared in the 2005 Brad Pitt/Angelina Jolie film Mr. & Mrs. Smith.]

Martha Stewart

Brian
    $800 16
Chaka Lott

Brian
    $1000 7
(Maura: What is Venus?)

Mars

BrianMaura
    $1000 30
Lynn Redgrave

Maura
    $1000 12
a cost of living adjustment

Brian
    $1000 21
Bioré

Brian
    $1000 25
[Alex reads the quote part of the clue with some sort of accent.]
...
(Maura: Who is Sean Connery?)

(his partner) Keith Richards

Maura
Triple Stumper
    $1000 17
Georgia Borgia

Brian

Scores at the first commercial break (after clue 15):

Brian Maura Phillip
$6,200 -$600 $800

Scores at the end of the Jeopardy! Round:

Brian Maura Phillip
$15,600 -$600 $1,200

Double Jeopardy! Round responses

WHERE AM I?
THE ANTHONY QUINN FILM FESTIVAL
10-LETTER "W"ORDS
HANGING
GARDENS
OF BABYLON
    $400 12
Central Park

Brian
    $400 26
Lawrence of Arabia

Maura
    $400 1
(Brian: What is woodcutter?)

woodworker

BrianPhillip
    $400 20
John Brown

Brian
    $400 8
a tomato

Brian
    $400 3
Baghdad

Brian
    $800 13
Chicago

Phillip
    $800 27
Zorba the Greek

Brian
    $800 2
a wildebeest

Brian
    $800 21
the Lincoln assassination

Brian
    $800 17
rose

Phillip
    $800 4
weeping willow

Brian
    $1200 14
Colorado

Brian
    $1200 28
(Alex: Henry Fonda starred in [*].)

The Ox-Bow Incident

Triple Stumper
    $1200 9
a waterspout

Brian
    $1200 22
the Aztecs

Brian
    $1200 18
irises

Phillip
    $1200 5
the Jews

Brian
    $1600 15
Florida

Maura
    $1600 29
Lust for Life

Triple Stumper
    $2,000 10
(Alex: You bet just a thousand a moment ago and your lead continues to grow.)
(Brian: Let's bet $2,000.)
(Alex: Oh. All right.)

Weimaraner

Brian
    $1600 23
Major Andre

Brian
    $1600 19
celery

Brian
    $1,000 6
(Brian: I'll bet a thousand, please.)
(Alex: Oh, you're becoming very conservative.)

the Persian Empire

Brian
    $2000 16
the Piazza Navona

Phillip
    $2000 30
(Phillip: Who is Judas Iscariot?)

Barabbas

MauraPhillip
    $2000 11
wunderkind

Brian
    $2000 24
Nat Turner

Brian
    $2000 25
(Maura: What is Home & Garden?)
...
(Brian: ANTHONY QUINN for $200.)
(Alex: With less than a minute to go.)

Better Homes & Gardens

BrianMaura
    $2000 7
Hammurabi

Phillip

Scores at the end of the Double Jeopardy! Round:

Brian Maura Phillip
$37,000 $1,400 $6,400
(lock game)

[wagering suggestions for these scores]

Final Jeopardy! Round responses

MOUNTAINS
(Alex: Brian has $37,000. Could set a new one-day record on our program.)
...
(Alex: That, ladies and gentlemen, gives him $52,000 which is a new one-day record, and in just 3 days on Jeopardy! he has now set the new record all-time, for $104,800, shattering Frank Spangenberg's 5-day record. And he gets to come back again tomorrow to try to do it again! See you then.)
MauraWhat is Colorado?
$1,400
PhillipWhat is Alaska
$6,300
BrianWhat is Alaska?
$15,000
Alaska

Final scores:

Brian Maura Phillip
$52,000 $0 $12,700
3-day champion: $104,800 3rd place: $1,000 2nd place: $2,000

Game dynamics:

Coryat scores:

Brian Maura Phillip
$35,000 $1,400 $6,400
41 R
(including 3 DDs),
2 W
6 R,
3 W
9 R,
1 W

Combined Coryat: $42,800

[game clues] [game scores] [suggest correction]

Game tape date: 2003-01-28
The J! Archive is created by fans, for fans. Scraping, republication, monetization, and malicious use prohibited; this site may use cookies and collect identifying information. See terms. The Jeopardy! game show and all elements thereof, including but not limited to copyright and trademark thereto, are the property of Jeopardy Productions, Inc. and are protected under law. This website is not affiliated with, sponsored by, or operated by Jeopardy Productions, Inc. Join the discussion at JBoard.tv.